zpět

Detail výsledku týmu

The Pub Praha 2 ST, Praha

Datum a čas kvízu

29 Celkem bodů Celkový počet nahraných bodů na tomto kvízu bez doplňovacích otázek.
13. Pořadí na kvízu Konečné umístění týmu na tomto kvízu.

Zaznamenané odpovědi

# Otázka Odpověď Body Výsledky
1. V areálu Veterinární univerzit... C) kůň panenky Barbie 1
2. Nebývá zvykem, aby politik zas... Emily v Paříži/ Emily in Paris 1
3. Minulý týden jsme se dozvěděli... Kanye West, Bianca Censori 0
4. Minulý týden byl představen no... Bigster 0
5. Na začátku minulého týdne popr... Los Angeles Lakers 1
6. Hned na začátku tohoto tématu... para (0,5 b.), piniové (1 b.) 1
7. V úryvku textu populární české... Skořápky ořechů, Marie Rottrová 0.5
8. Jak se jedním kratším slovem n... gola 1
9. Arašídové (též burákové) máslo... křupavé (crunchy) 1
10. Který z těchto výroků o pohádc... A 1